000 00734nam a2200205 i 4500
001 bg
100 1 _aSPOCZYŃSKA, Ewa
245 1 0 _aKodeks handlowy z komentarzem oraz zasady działania wszystkich podmiotów gospodarczych :
_bwedług stanu prawnego na dzień 1 marca 1994 r. /
_coprac. Ewa Spoczyńska ; Przedsiębiorstwo Handlowo-Usługowe "Sigma".
260 _aSkierniewice :
_b"Sigma". Zakład Doradztwa Organizacyjno-Finansowego,
_c1994.
300 _a380 s. ;
_c21 cm.
650 9 _aPrawo handlowe
_zPolska
650 9 _aSpółki
_xprawo
_zPolska
020 _a8386145064
040 _cBPK
041 0 _apl
080 _a347.7(438)
920 _a83-86145-06-4
942 _cKS
008 s pl f |000 0 pol
999 _c32041
_d32041
856 _uhttp://koha.tu.koszalin.pl/cgi-bin/koha/opac-detail.pl?biblionumber=32041
_yKatalog online BPK